000 00691nam a2200289Ia 4500
005 20260324142856.0
008 008 260324s9999 xx 000 0 eng d
020 _a9781315083414
037 _aEBOOK
040 _aCRL
040 _beng
040 _cCRL
041 _2eng
041 _aeng
084 _qCRL
100 _aThomas Szasz
_91185750
245 2 _aA Lexicon of Lunacy
245 0 _bMetaphoric Malady, Moral Responsibility and Psychiatry
260 _bTaylor and Francis
260 _c1993
365 _a
365 _b220
856 _uhttp://www.taylorfrancis.com/books/9781315083414
942 _cEBOOK
999 _c1818288
_d1818288